| 000 | 00777nam a2200277 i 4500 | ||
|---|---|---|---|
| 999 |
_c20364 _d20364 |
||
| 001 | 4188262 | ||
| 003 | BDDh-ASL | ||
| 005 | 20231015025859.0 | ||
| 008 | 800204s1978 pk a b 000 0 eng | ||
| 010 | _a 79930223 | ||
| 020 | _cRs40.00 | ||
| 040 |
_aDLC _cDLC _dDLC _dBDDh-ASL |
||
| 050 | 0 | 0 |
_aBP166.23 _b.K43 |
| 082 | 0 | 0 |
_a297.24 _bMAI |
| 100 | 1 | _aKhan, Majid ALi. | |
| 245 | 1 | 0 |
_aIslam on origin and evolution of life / _cby Majid Ali Khan. |
| 250 | _a1st ed. | ||
| 260 |
_aLahore : _bSh. Muhammad Ashraf, _cc1978. |
||
| 300 |
_axix, 223 p. : _bill. ; _c23 cm. |
||
| 504 | _aBibliography: p. 211-223. | ||
| 650 | 0 | _aCreation (Islam) | |
| 650 | 0 | _aEvolution. | |
| 650 | 0 |
_aLife _xOrigin. |
|
| 906 |
_a7 _bcbc _corignew _d4 _encip _f19 _gy-gencatlg |
||
| 942 |
_2ddc _cBK |
||